| 000 | 00606nam a22001697a 4500 | ||
|---|---|---|---|
| 008 | 170503b xxu||||| |||| 00| 0 eng d | ||
| 020 | _a0-06-041466-9 | ||
| 082 |
_21990 _aDC 320.3 _bIn8 |
||
| 245 |
_aIntroduction to comparative government/ _cedited by Michael Curtis [and eight others]. |
||
| 250 | _aSecond Edition | ||
| 260 |
_aNew York, NY: _bHarperCollins Publishers, _cc1990. |
||
| 300 |
_axi, 644 pages: _billustrations; _c24 cm. |
||
| 500 | _aIncludes bibliographical references and index. | ||
| 650 | 0 |
_920630 _aComparative government |
|
| 700 |
_920631 _aCurtis, Michael _eeditor |
||
| 942 |
_2ddc _cDC |
||
| 999 |
_c6809 _d6809 |
||